B00-2 バス停名クイズ - 難読バス停30(西日本) - Statistics

General Stats
  • This quiz has been taken 8 times
    6 since last reset
  • The average score is 14 of 30
Answer Stats
バス会社 バス停名 読み % Correct
岡電バス 汗入 あせり
100%
岡電バス 下撫川 しもなつかわ
100%
岡電バス 津波井 つばい
100%
広島交通 九品寺 くおんじ
100%
広島交通 台中央 だあちゅうおう
100%
広島交通 南部山 なべやま
100%
広島交通 幟町 のぼりちょう
100%
広島電鉄 銀山町 かなやまちょう
100%
広島電鉄 潭鼓 たんこ
100%
広島電鉄 温品四丁目 ぬくしなよんちょうめ
100%
広島電鉄 向洋新町 むかいなだしんまち
100%
長崎県営バス 現川 うつつがわ
100%
長崎県営バス 唐比 からこ
100%
長崎県営バス 西溝陸 にしみぞろく
100%
長崎県営バス 女の都入口 めのといりぐち
100%
那覇バス 池武当 いけんとう
100%
那覇バス 石平 いしんだ
100%
那覇バス 城間 ぐすくま
100%
那覇バス 沢岻 たくし
100%
那覇バス 部間 ぶーま
100%
那覇バス 山入端 やまのは
100%
那覇バス 饒平名 よへな
100%
長崎バス 畦別当上 あぜべっとううえ
100%
長崎バス 滑石口 なめしぐち
100%
宮崎交通 飯起 いぼこり
100%
宮崎交通 桑水流 くわずる
100%
宮崎交通 古佛所 こぶつくろ
100%
宮崎交通 笹陰 ささげ
100%
宮崎交通 硯野 すずりの
100%
高槻市営バス 出灰 いずりは
100%
高槻市営バス 沢良木町 さわらぎちょう
100%
高槻市営バス 芝生西口 しぼにしぐち
100%
宇野バス 赤田 あこだ
100%
西肥バス 蛭子谷 えびすだに
100%
西肥バス 上笥瀬 かみやなせ
100%
西肥バス 転石入口 ころびいしいりぐち
100%
西肥バス 馬蛤潟 まてがた
100%
西肥バス 御厨 みくりや
100%
和歌山バス 雑賀崎 さいかざき
100%
南海バス 土師 はぜ
100%
南海バス 峰垣内 みねがいと
100%
両備バス 下撫川 しもなつかわ
100%
両備バス 海吉 みよし
100%
佐賀市交通局 光法 みつのり
100%
佐賀市交通局 寄人 よりゅうど
100%
九州産交バス 一夜塘 いちやども
100%
九州産交バス 築地 ついじ
100%
九州産交バス 日隠 ひかげ
100%
壱岐交通 一支国博物館 いきこくはくぶつかん
100%
高島市コミュニティ 藺生東 ゆうひがし
100%
近江鉄道 愛知川商店街 えちがわしょうてんがい
100%
湖国バス 近江山梨子 おうみやまなし
100%
南国交通 北枝 ほくし
100%
阪急バス 赤馬 あかんま
100%
阪急バス 伊孑志 いそし
100%
阪急バス 上止々呂美 かみとどろみ
100%
阪急バス 神足 こうたり
100%
阪急バス 東蔵人 ひがしくらんど
100%
奈良交通 赤膚山 あかはだやま
100%
奈良交通 邑地上出 おうじかみで
100%
奈良交通 三碓 みつがらす
100%
奈良交通 柳生丹生 やぎゅうにゅう
100%
広島電鉄 附地 つけじ
50%
那覇バス 第二汀間 だいにてぃーま
50%
那覇バス 仲尾次 なこうし
50%
那覇バス 外間 ほかま
50%
宮崎交通 直海 のうみ
50%
宇野バス 湯迫 ゆば
50%
和歌山バス 浪早崎 なんぱざき
50%
阪急バス 味舌下 ましたしも
50%
奈良交通 蔭地 おんぢ
50%
佐賀市交通局 作出 つくいで
33%
奈良交通 九尾 つづらお
33%
京都市交通局 今熊野 いまぐまの
0%
京都市交通局 太秦開町 うずまさひらきちょう
0%
京都市交通局 帷子ノ辻 かたびらのつじ
0%
京都市交通局 上賀茂石計町 かみがもいしかずちょう
0%
京都市交通局 上鳥羽馬廻 かみとばうままわし
0%
京都市交通局 吉祥院蒔絵町 きっしょういんまきえちょう
0%
京都市交通局 車折神社前 くるまざきじんじゃまえ
0%
京都市交通局 直違橋一丁目 すじかいばしいっちょうめ
0%
京都市交通局 糺ノ森 ただすのもり
0%
京都市交通局 納所北城堀 のうそきたしろほり
0%
京都市交通局 柊野 ひらぎの
0%
京都市交通局 莚田町 むしろだちょう
0%
京都市交通局 物集女 もずめ
0%
岡電バス 栢谷口 かいだにぐち
0%
岡電バス 岡南営業所 こうなんえいぎょうしょ
0%
岡電バス さい
0%
岡電バス 蕃人土手 ばんじんどて
0%
京都バス 上貫井 かみぬくい
0%
京都バス 神子ヶ渕 みこがふち
0%
広島交通 天水 あまず
0%
広島交通 飯室 いむろ
0%
広島交通 大毛寺口 おおもじぐち
0%
広島交通 城ヶ峠 じょうがたお
0%
広島交通 桐原 とげ
0%
広島交通 南原 なばら
0%
広島電鉄 大白明橋 おおしらけばし
0%
広島電鉄 上二河町 かみにこうちょう
0%
広島電鉄 己斐 こい
0%
広島電鉄 鹿籠二丁目 こごもりにちょうめ
0%
広島電鉄 砂が瀬 ごみがせ
0%
広島電鉄 久日市 さかいち
0%
広島電鉄 砂谷中学校 さごたにちゅうがっこう
0%
広島電鉄 饒津 にぎつ
0%
広島電鉄 府中埃宮 ふちゅうえのみや
0%
広島電鉄 戸坂南二丁目 へさかみなみにちょうめ
0%
広島電鉄 柞木 ほうそぎ
0%
広島電鉄 丁川 よろがわ
0%
広島電鉄 釣士田南 りょうしだみなみ
0%
長崎県営バス 御手水 おちょうず
0%
長崎県営バス 栗面 くれも
0%
長崎県営バス 越首 けくび
0%
長崎県営バス 川頭 こうがしら
0%
長崎県営バス 侍石 さぶらし
0%
長崎県営バス 芒塚 すすきづか
0%
長崎県営バス 児渕 ちごぶち
0%
長崎県営バス 補伽 ほとぎ
0%
長崎県営バス 雄ケ原 ますらがはら
0%
長崎県営バス 女乙石 めおといし
0%
長崎県営バス 休場 よけば
0%
長崎県営バス 破籠井 わりごい
0%
那覇バス 赤犬宮前 あかぬくーまえ
0%
那覇バス 東江 あがりえ
0%
那覇バス 有津 あっつ
0%
那覇バス 伊武部 いんぶ
0%
那覇バス 大当 うふどう
0%
那覇バス 奥武橋 おおうばし
0%
那覇バス 我部祖河 がぶそか
0%
那覇バス 喜屋武 きゃん
0%
那覇バス 具志頭 ぐしちゃん
0%
那覇バス 後原 くしばる
0%
那覇バス 東風平 こちんだ
0%
那覇バス 勢理客 じっちゃく
0%
那覇バス 謝苅二区 じゃーがるにく
0%
那覇バス 謝花 じゃはな
0%
那覇バス 志林川 しりんかー
0%
那覇バス 瑞慶覧 ずけらん
0%
那覇バス 寒水川樋川前 すんがーひーじゃーまえ
0%
那覇バス 園田 そんだ
0%
那覇バス 第一喜如嘉 だいいちきじょか
0%
那覇バス 田井等 たいら
0%
那覇バス 北谷 ちゃたん
0%
那覇バス 豊見城平良 とみぐすくたいら
0%
那覇バス 仲村渠 なかんだかり
0%
那覇バス 西武門 にしんじょう
0%
那覇バス 南風原入口 はえばるいりぐち
0%
那覇バス 為又 びいまた
0%
那覇バス 保栄茂 びん
0%
那覇バス 外佐久 ふかさく
0%
那覇バス 振慶名入口 ぶりきないりぐち
0%
那覇バス 平安名 へんな
0%
那覇バス 真地 まあじ
0%
那覇バス 真玉橋 まだんばし
0%
那覇バス 湧稲国 わちいなぐに
0%
琉球バス交通 饒波入口 ぬーはいりぐち
0%
長崎バス 赤水平 あかみず
0%
長崎バス 畝刈 あぜかり
0%
長崎バス 彼浜 あちばま
0%
長崎バス 小郡 おぐり
0%
長崎バス 金鍔 きんつば
0%
長崎バス 小家橋 こいやばし
0%
長崎バス 金水 こがみず
0%
長崎バス 転石 ころびし
0%
長崎バス 下松 さがりまつ
0%
長崎バス 城の川 じょうのこ
0%
長崎バス 為石 ためし
0%
長崎バス 南風泊 はえどまり
0%
長崎バス 皆割石 みのろし
0%
宮崎交通 檍小 あおきしょう
0%
宮崎交通 粟野 あおん
0%
宮崎交通 受別府 うけびゅう
0%
宮崎交通 鴬巣 おうさ
0%
宮崎交通 桶河 おけご
0%
宮崎交通 鬼の窟 おにのいわや
0%
宮崎交通 沢潟 おもだか
0%
宮崎交通 折生迫 おりゅうざこ
0%
宮崎交通 売子木 きしゃのき
0%
宮崎交通 山麦 さんばぐ
0%
宮崎交通 下顔 しもつら
0%
宮崎交通 地内吐 じうちばき
0%
宮崎交通 角力田 すもうでん
0%
宮崎交通 大郎 だいろ
0%
宮崎交通 竹原田 たこんだ
0%
宮崎交通 藤田口 つだぐち
0%
宮崎交通 水流迫 つるさこ
0%
宮崎交通 轟八重 とどろがはえ
0%
宮崎交通 殿所峠 とんどころとうげ
0%
宮崎交通 贄波 にえなみ
0%
宮崎交通 西階台前 にししなだいまえ
0%
宮崎交通 温谷 ぬくだに
0%
宮崎交通 薑谷 はじかみたに
0%
宮崎交通 二十里橋 はたりばし
0%
宮崎交通 藤岐れ道 ふじわかれみち
0%
宮崎交通 祝子 ほうり
0%
宮崎交通 本流瀬 ほんだかせ
0%
宮崎交通 松叶 まつがのう
0%
宮崎交通 神門 みかど
0%
宮崎交通 穆佐駐在所前 むかさちゅうざいしょまえ
0%
宮崎交通 行縢山 むかばきやま
0%
宮崎交通 八峡 やかい
0%
高槻市営バス 下田部 しもたなべ
0%
高槻市営バス 辻子 ずし
0%
高槻市営バス 西切 にしぎれ
0%
高槻市営バス 二十 はたち
0%
高槻市営バス 土室 はむろ
0%
高槻市営バス 東五百住 ひがしよすみ
0%
宇野バス 浦伊部 うらいんべ
0%
宇野バス くろがね
0%
宇野バス 宍甘 しじかい
0%
宇野バス 四御神 しのごぜ
0%
宇野バス 周匝 すさい
0%
宇野バス 舟廻 せんまる
0%
宇野バス 脇田 わいだ
0%
西肥バス 赤井窄 あかいがさこ
0%
西肥バス 生向 いけむこう
0%
西肥バス 大切 おおわたり
0%
西肥バス 栢の木 かやのき
0%
西肥バス 褥崎入口 しとねざきいりぐち
0%
西肥バス 白南風町 しらはえちょう
0%
西肥バス 早里 はやり
0%
西肥バス 梼の木 ゆすのき
0%
和歌山バス 新内 あろち
0%
和歌山バス 有功 いさお
0%
和歌山バス 荊本 いばらもと
0%
和歌山バス 梶取 かんどり
0%
和歌山バス 中迫 なかぶさ
0%
和歌山バス 根来西 ねごろにし
0%
南海バス 大饗 おわい
0%
南海バス 包近 かねちか
0%
南海バス 北垣外 きたがいと
0%
南海バス 毛穴なかよし橋 けななかよしばし
0%
南海バス 神於 こうの
0%
南海バス 土生滝 はぶたき
0%
南海バス 女鹿坂 めまざか
0%
南海バス 山戸 やまんど
0%
両備バス 飽浦上 あくらかみ
0%
両備バス 赤田 あこだ
0%
両備バス 相引 おうびき
0%
両備バス 重岩 かさねいわ
0%
両備バス 北畝中 きたせなか
0%
両備バス だけ
0%
両備バス 玉比咩神社前 たまひめじんじゃまえ
0%
両備バス 堤下 どてした
0%
両備バス 脇田入口 わいだいりぐち
0%
佐賀市交通局 咾分 おとなぶん
0%
佐賀市交通局 川原 こうら
0%
佐賀市交通局 道祖元町 さやのもとまち
0%
佐賀市交通局 修理田 しゅりた
0%
佐賀市交通局 東西 とうさい
0%
佐賀市交通局 中飯盛 なかいさかい
0%
佐賀市交通局 尼寺 にいじ
0%
佐賀市交通局 初町 はぜまち
0%
佐賀市交通局 芙蓉校前 ふようこうまえ
0%
佐賀市交通局 浮盃 ぶばい
0%
九州産交バス 汗原 あせんばる
0%
九州産交バス 海士江沖 あまがえおき
0%
九州産交バス 軍ヶ浦 いくさがうら
0%
九州産交バス 一寸榎 いっすんえのき
0%
九州産交バス 瓜生野 うりおの
0%
九州産交バス 蔚山町 うるさんまち
0%
九州産交バス 画図町 えずまち
0%
九州産交バス 小天温泉 おあまおんせん
0%
九州産交バス 大江渡鹿 おおえとろく
0%
九州産交バス 御輿来 おこしき
0%
九州産交バス 小島行在所入口 おしまあんざいしょいりぐち
0%
九州産交バス 小磧橋 おぜきばし
0%
九州産交バス 御手洗 おちょうず
0%
九州産交バス 魚貫 おにき
0%
九州産交バス 小谷 おやつ
0%
九州産交バス 桂原 かずわら
0%
九州産交バス 方保田 かとうだ
0%
九州産交バス 鐘撞 かねつき
0%
九州産交バス 上下乙 かみしもうと
0%
九州産交バス 梢山 こずえやま
0%
九州産交バス 東風留 こちどまり
0%
九州産交バス 鮗ヶ浦 このしがうら
0%
九州産交バス 護藤 ごんどう
0%
九州産交バス しとみ
0%
九州産交バス 下寺中 しもじっちゅう
0%
九州産交バス 主留 しゅうとめ
0%
九州産交バス 摺尾 すくの
0%
九州産交バス 須子 すじ
0%
九州産交バス 銭塘 ぜんども
0%
九州産交バス 外平 そつがひら
0%
九州産交バス 竹迫踏切 たかばふみきり
0%
九州産交バス 滴水 たるみず
0%
九州産交バス 段山 だにやま
0%
九州産交バス 豊野内 でのち
0%
九州産交バス 動馬木 どうめき
0%
九州産交バス 投刀塚 なたづか
0%
九州産交バス 枦宇土 はじうと
0%
九州産交バス 繁根木 はねぎ
0%
九州産交バス 八分字 はふじ
0%
九州産交バス 蛤里 はまぐり
0%
九州産交バス 馬々鋏 ばばさみ
0%
九州産交バス 万年池 ばんねじ
0%
九州産交バス 平生 ひらばえ
0%
九州産交バス 扁戸串 へどぐし
0%
九州産交バス 向淋 むこうそそぎ
0%
九州産交バス 目磨 めとぎ
0%
九州産交バス 用木 もといぎ
0%
九州産交バス 役犬原 やくいんばる
0%
九州産交バス 山伏塚 やんぼしづか
0%
九州産交バス 六藤 ろくつう
0%
九州産交バス わたる
0%
九州産交バス 鰐洞 わんどう
0%
西鉄バス 井開 いがい
0%
西鉄バス 上原々 かんばらばら
0%
西鉄バス 上八 こうじょう
0%
西鉄バス 上津荒木 こうだらき
0%
西鉄バス 神湊西口 こうのみなとにしぐち
0%
西鉄バス 目尾 しゃかのお
0%
西鉄バス 席田 むしろだ
0%
西鉄バス 元末 もとうら
0%
西鉄バス 夜臼 ゆうす
0%
壱岐交通 亀川 かめごう
0%
壱岐交通 清石 くよし
0%
壱岐交通 𨕫ノ尾 しめのお
0%
壱岐交通 樋ノ川 ひのこう
0%
東近江市コミュニティ 伊庭 いば
0%
東近江市コミュニティ いもと
0%
日野町コミュニティ 綺田 かばた
0%
日野町コミュニティ そま
0%
栗東市コミュニティ 綣三丁目 へそさんちょうめ
0%
近江鉄道 鋳物師 いもじ
0%
近江鉄道 息長小学校 おきながしょうがっこう
0%
近江鉄道 口分田郷 くもでごう
0%
近江鉄道 佐生 さそ
0%
近江鉄道 春照下 すいじょしも
0%
近江鉄道 西主計 にしかずえ
0%
近江鉄道 不飲橋 のまずばし
0%
湖国バス 梓河内 あんさかわち
0%
湖国バス 間田南 はざまだみなみ
0%
湖国バス 馬渡橋 もうたりばし
0%
南国交通 青木水流 あおきずる
0%
南国交通 川添(坂元) かわせ(さかもと)
0%
南国交通 花倉 けくら
0%
南国交通 催馬楽 せばる
0%
南国交通 皷川 つつみがわ
0%
南国交通 枦山 はしやま
0%
南国交通 布ケ谷 ふけだに
0%
南国交通 本長谷 もとはぜ
0%
阪急バス 後谷新池 あちらだにしんいけ
0%
阪急バス 鶏冠井コミセン前 かいでこみせんまえ
0%
阪急バス 柏梨田 かしうだ
0%
阪急バス 柏堂町 かやんどうちょう
0%
阪急バス 呉服町 くれはちょう
0%
阪急バス 木間生 こもお
0%
阪急バス 杤原 とちはら
0%
阪急バス 内瀬 ないじょ
0%
阪急バス 半町 はんじょう
0%
阪急バス 一庫 ひとくら
0%
阪急バス 豆柏 まめがや
0%
阪急バス 南条 みなんじょう
0%
阪急バス 売布東の町 めふひがしのちょう
0%
阪急バス 紫合 ゆうだ
0%
奈良交通 赤埴口 あかばねぐち
0%
奈良交通 賀名生和田 あのうわだ
0%
奈良交通 櫟砂古 いちざこ
0%
奈良交通 いで
0%
奈良交通 今国府 いまご
0%
奈良交通 忌部 いんべ
0%
奈良交通 打田 うった
0%
奈良交通 撰原 えりはら
0%
奈良交通 小房 おうさ
0%
奈良交通 粟殿口 おうどのぐち
0%
奈良交通 生子 おぶす
0%
奈良交通 一町 かずちょう
0%
奈良交通 上井足 かみいだに
0%
奈良交通 上長岡 かみなんか
0%
奈良交通 杏中町 からももなかまち
0%
奈良交通 上総 かんさ
0%
奈良交通 州見台五丁目 くにみだいごちょうめ
0%
奈良交通 神功南口 じんぐうみなみぐち
0%
奈良交通 高津 たこつ
0%
奈良交通 都祁南之庄 つげみなみのしょう
0%
奈良交通 土田 つった
0%
奈良交通 角柄 つのがわら
0%
奈良交通 玉立橋 とうだちばし
0%
奈良交通 外山 とび
0%
奈良交通 鵄山 とびやま
0%
奈良交通 中女寄 なかみより
0%
奈良交通 忍辱山 にんにくせん
0%
奈良交通 吐師 はぜ
0%
奈良交通 瑞駈橋 はなかけばし
0%
奈良交通 吉隠 よなばり
0%
奈良交通 伃邑 よむら
0%
No matching quizzes found
Score Distribution
Percent of People with Each Score
Percentile by Number Answered
Your Score History
You have not taken this quiz since the last reset